Score 0/10 Timer 03:00
0 Plays Today
Population City % Correct
116,093Darwin
96.7%
142,548Cairns
95.7%
171,971Townsville
90.5%
285,169Sunshine Coast
79.9%
28,517Alice Springs
76.7%
77,704Rockhampton
75.3%
81,594Mackay
70.2%
69,805Bundaberg
60.2%
44,355Gladstone
48.8%
50,431Hervey Bay
36.3%
Remove Ads.
Support Sporcle.
Get the best of Sporcle when you Go Orange. This ad-free experience offers more features, more stats, and more fun while also helping to support Sporcle. Thank you for becoming a member.

You're not logged in!

Compare scores with friends on all Sporcle quizzes.
OR
Log In

Show Comments

Extras

Top Quizzes Today


Score Distribution

Your Account Isn't Verified!

In order to create a playlist on Sporcle, you need to verify the email address you used during registration. Go to your Sporcle Settings to finish the process.

Report this User

Report this user for behavior that violates our Community Guidelines.

Details: